Nemocenské dávky (2. časť)

Podmienky nemocenských dávok. Ošetrovné, vznik a zánik nároku, vyrovnávacia dávka, tehotenské a materské. Obdobie 270 dní, ktoré platí pre všetky nemocenské dávky, kde je uvedená podmienka splnenia 270 dní.

Salvato in:
Dettagli Bibliografici
Autore principale: Danajovičová, Katarína
Natura: Capitolo di libro
Lingua:slovacco
Soggetti:
Tags: Aggiungi Tag
Nessun Tag, puoi essere il primo ad aggiungerne!!

MARC

LEADER 00000naa a2200000 4500
001 0302895
005 20240701133232.4
041 0 |a slo 
044 |a SK 
245 1 0 |a Nemocenské dávky (2. časť)  |c Katarína Danajovičová 
520 |a Podmienky nemocenských dávok. Ošetrovné, vznik a zánik nároku, vyrovnávacia dávka, tehotenské a materské. Obdobie 270 dní, ktoré platí pre všetky nemocenské dávky, kde je uvedená podmienka splnenia 270 dní. 
610 2 0 |a dávky poistenia nemocenského 
610 2 0 |a legislatíva 
610 2 0 |a práceneschopnosť 
610 2 0 |a poistenci 
610 2 0 |a zamestnanci 
100 1 |a Danajovičová, Katarína